All Known Hominin Genuses - Statistics

General Stats
  • This quiz has been taken 5 times
  • The average score is 4 of 7
Answer Stats
Timespan Answer % Correct
2.3-0mya Homo
100%
4.3-1.98mya Australopithecus
80%
5.77-4.32mya Ardipithecus
60%
2.7-0.87mya Paranthropus
60%
6.1-4.5mya Orrorin
40%
7-6mya Sahelanthropus
40%
3.3-3.2mya Kenyanthropus
20%
No matching quizzes found
Score Distribution
Percent of People with Each Score
Percentile by Number Answered
Your Score History
You have not taken this quiz